000 00670nam a2200205 a 4500
001 000034457
005 20200930073717.0
008 111004s1991 dr 000 0 spa d
020 _a9724401979
040 _aDO-SdBNP
_bspa
_cBNPHU
100 1 _aDescartes René
_959890
240 1 0 _aDiscors de la méchode
245 1 0 _aDiscurso do método /
_cRenato Descartes ; tradução, prefácio e notas de Étienne Gilson.
260 _aBrasil :
_bEdiçôes,
_c1991.
300 _a118 ;
_c22 cm.
490 1 _aTextos filosóficos
500 _aIncluye referencias bibliográficas y notas al pie de las páginas
700 1 _aGilson, Étienne Gilson
_959891
049 _aBNPD
999 _c33948
_d33948